Lesiones (Record no. 133809)

MARC details
000 -LEADER
fixed length control field 00614cam a2200193 4500
005 - DATE AND TIME OF LATEST TRANSACTION
control field 20250708111131.0
008 - FIXED-LENGTH DATA ELEMENTS--GENERAL INFORMATION
fixed length control field 030910s1994 ag 000 0 spa u
020 ## - INTERNATIONAL STANDARD BOOK NUMBER
International Standard Book Number 9506791384
050 04 - LIBRARY OF CONGRESS CALL NUMBER
Classification number RA1121
Item number B37 1994
100 1# - MAIN ENTRY--PERSONAL NAME
Personal name Basile, Alejandro A.
245 10 - TITLE STATEMENT
Title Lesiones
Remainder of title : aspectos médico-legales
Statement of responsibility, etc / Alejandro A. Basile.
250 ## - EDITION STATEMENT
Edition statement 1a ed.
260 ## - PUBLICATION, DISTRIBUTION, ETC. (IMPRINT)
Place of publication, distribution, etc Buenos Aires :
Name of publisher, distributor, etc Universidad Sociedad de Responsabilidad Limitada,
Date of publication, distribution, etc 1994.
300 ## - PHYSICAL DESCRIPTION
Extent 318 p. :
Other physical details il. ;
Dimensions 23 cm.
504 ## - BIBLIOGRAPHY, ETC. NOTE
Bibliography, etc Bibliografía : p. 311-318
650 #7 - SUBJECT ADDED ENTRY--TOPICAL TERM
Topical term or geographic name as entry element Lesiones personales
650 #7 - SUBJECT ADDED ENTRY--TOPICAL TERM
Source of heading or term lemb
Topical term or geographic name as entry element Medicina legal
942 ## - ADDED ENTRY ELEMENTS (KOHA)
Source of classification or shelving scheme Biblioteca del Cogreso de los Estados Unidos
Koha item type Libro
Holdings
Estado de pérdida Fuente de clasificación Estado del daño No para préstamo Ubicación permanente Ubicación actual Apartado o colección Fecha de adquisición Edición Área del conocimiento Clasificación Código de Barras Date last seen Número de copia Costo por reposición Tipo de recurso Nota pública
  Biblioteca del Cogreso de los Estados Unidos     Biblioteca de la Facultad de Derecho y Ciencias Sociales "Felipe J. Tena" Biblioteca de la Facultad de Derecho y Ciencias Sociales "Felipe J. Tena" General 22/01/2020 1a ed. Ciencias Sociales y Administrativas RA1121 B37 1994 BFD000011970 22/01/2020 1 1.00 Libro recursos propios DGB